00578nam a22001697a 4500008004100000020001500041050002600056100002100082245014500103250001200248260003000260300001600290650003700306650002300343700002200366700002000388210429b xxu||||| |||| 00| 0 eng d a0470534892 aHF5681b.M37 2011 c.1 aMard, Michael J. aValuation for financial reporting bfair value, business combinations, intangible assets, goodwill, and impairment analysiscMichael J. Mard a3rd ed. aHobokenbJohn Wileyc2011 axvii, 280p. aIntangible Property vaccounting aGoodwillvcommerce aJames R. Hitchner aSteven D. Hyden